| 000 | 00000nam##2200000za#4500 |
| 001 | 9.641907 |
| 003 | CaOODSP |
| 005 | 20210624223437 |
| 007 | cr ||||||||||| |
| 008 | 150407|2001||||xxc|||||o f|0| 0 fre|d |
| 040 | |aCaOODSP|bfre |
| 043 | |an-cn--- |
| 086 | 1 |aEn4-162/2001F-PDF |
| 110 | 1 |aCanada. |bEnvironnement Canada. |bDirection générale de la vérification et de l'évaluation. |
| 245 | 10|aVérification de l'Institut national de recherche sur les eaux |h[ressource électronique] |
| 260 | |aGatineau - Québec : |bEnvironnement Canada. |cJuin 2001. |
| 300 | |a28p. |
| 590 | |a13-14-Supp|b2013-05-30 |
| 775 | 08|tAudit of the National Water Research Institute |w(CaOODSP)9.697921 |
| 856 | 40|ahttp://publications.gc.ca|qPDF|s124 Ko|uhttps://publications.gc.ca/collections/collection_2013/ec/En4-162-2001-fra.pdf |